- Cabrera Amador, Raúl,
Entry Nombre Personal
001 - NUMERO DE CONTROL
- campo de control: 48700
003 - IDENTIFICADOR DE NUMERO DE CONTROL
- campo de control: DLC
005 - FECHA Y HORA DE LA ÜLTIMA TRANSACCIÓN
- campo de control: 20230516110743.0
008 - DATOS DE LONGITUD FIJA
- campo de control de longitud fija: 230516n| azannaabn |a aaa
010 ## - NÚMERO DE CONTROL DE LA BIBLIOTECA DEL CONGRESO
- Número de control LC: nb2013011857
- Número de Control LC Cancelado/inválido: no 96015211
035 ## - NUMERO DE CONTROL
- Número de control: (Uk)008769991
040 ## - FUENTE DE CATALOGACIÓN
- Agencia original de catalogación: Uk
- Lenguaje de catalogación: spa
- Description conventions: rda
- Agencia de transcripción: Uk
- Agencia que lo modifica: Uk
- Agencia que lo modifica: DLC
- Agencia que lo modifica: MX-MxUPN
046 ## - FECHAS CON CODIFICACIÓN ESPECIAL
- Fecha de nacimiento: 1957
100 1# - ENCABEZAMIENTO - NOMBRE PERSONAL
- Nombre personal: Cabrera Amador, Raúl,
- Fechas asociadas con el nombre: 1957-
370 ## - LUGAR ASOCIADO
- Place of birth: Ciudad de México (México)
- Associated country: México
- Fuente del término: naf
372 ## - CAMPO DE ACTIVIDAD
- Field of activity: Psicología social
- Field of activity: Poesía mexicana
- Field of activity: Ciencias sociales
- Fuente del término: lcsh
373 ## - GRUPO ASOCIADO
- Associated group: Universidad Autónoma Metropolitana. Unidad Xochimilco. Departamento de Educación y Comunicación
- Fuente del término: naf
374 ## - OCUPACIÓN
- Occupation: Profesor universitario
- Occupation: Psicólogo social
- Occupation: Poeta
- Occupation: Científico social
- Fuente del término: lcsh
375 ## - GÉNERO
- Gender: masculino
377 ## - LENGUA ASOCIADA
- Language code: spa
378 ## - FORMA COMPLETA DE NOMBRE PERSONAL
- Fuller form of personal name: Raúl Eduardo
400 1# - VEÁSE - NOMBRE DE PERSONA
- Personal name: Amador, Raúl Cabrera
400 1# - VEÁSE - NOMBRE DE PERSONA
- Control subfield: nne
- Personal name: Cabrera, Raúl,
- Dates associated with a name: 1957-
670 ## - FUENTE EN LA QUE SE LOCALIZARON DATOS
- Cita de la fuente: Objetivos de desarrollo del milenio y seguridad alimentaria en Chiapas, 2012:
- Información localizada: portada (Raúl Cabrera Amador) cubierta posterior (currently a teacher/researcher at UAM Xochimilco; social psychologist)
670 ## - FUENTE EN LA QUE SE LOCALIZARON DATOS
- Cita de la fuente: Horizontes de viaje, 1996:
- Información localizada: portada (Raúl Cabrera) página 5 (n. Mexico, D.F., 1957; social psychologist and poet)
670 ## - FUENTE EN LA QUE SE LOCALIZARON DATOS
- Cita de la fuente: A contracorriente, 2018:
- Información localizada: portada (Raúl Cabrera Amador) solapa posterior (Raúl Eduardo Cabrera Amador; doctorate in social sciences from Univ. Aut. Metropolitana-Xochimilco; prof.-researcher in the Depto. de Educación y Comunicación and in the master's programs in rural development and in social psychology of groups and institutions, at UAM-X, since 2011)
902 ## - CATALOGADOR
- Catalogador: NDAF/160523
